Statistics for League of Legends City-States

Click here to take the quiz!

General Stats

  • This quiz has been taken 6,056 times
  • The average score is 6 of 8

Answer Stats

HintAnswer% Correct
Garen, Jarvan IV, Xin ZhaoDemacia
97%
Swain, Katarina, TalonNoxus
93%
Ezreal, Jayce, CaitlynPiltover
88%
Singed, Warwick, Dr. MundoZaun
86%
Master Yi, Shen, AhriIonia
82%
Gangplank, Graves, Miss FortuneBilgewater
67%
Tryndamere, Olaf, AsheFreljord
66%
Teemo, Rumble, TristanaBandle City
61%

Score Distribution

Percentile by Number Answered

Percent of People with Each Score

Your Score History

You have not taken this quiz